Ariana Grande "Still Hurting" lyrics - Statistics

General Stats
  • This quiz has been taken 44 times
    41 since last reset
  • The average score is 113 of 192
Answer Stats
Hint Answer % Correct
i
100%
a
94%
you
94%
you?
94%
hurting
91%
i'm
91%
I'm
91%
still
91%
the
91%
be
84%
and
81%
he
81%
is
78%
me
78%
on
78%
so
78%
to
78%
Verse 4 Go
72%
that
72%
are
69%
Chorus What
66%
no
63%
all
59%
gone
59%
has
59%
it's
59%
Bridge | Verse 1 | Verse 2 | Verse 3 Jamie
59%
jamie
59%
Jamie?
59%
over
59%
we
59%
at
56%
could
56%
something
56%
time
56%
Outro But
53%
how
53%
mine
53%
move
53%
of
53%
them
53%
true?
53%
about
50%
can
50%
dreams
50%
his
50%
just
50%
run
50%
Run
50%
things
50%
where
50%
away
47%
decide
47%
did
47%
end
47%
find
47%
Chorus Give
47%
he's
47%
new
47%
building
44%
day
44%
decided
44%
feeling
44%
fine
44%
jamie's
44%
Jamie's
44%
like
44%
right
44%
see
44%
sun
44%
swore
44%
upon
44%
back
41%
better
41%
chance
41%
change
41%
got
41%
had
41%
hide
41%
maybe
41%
once
41%
problems
41%
died
38%
fact
38%
i'd
38%
learn
38%
lies
38%
line
38%
nothing
38%
probably
38%
with
38%
wonderful
38%
wouldn't
38%
bring
34%
convinced
34%
Covered
34%
cracked
34%
earn
34%
foundation's
34%
hang
34%
ride
34%
scars
34%
simple
34%
there's
34%
turn?
34%
wall
34%
arrived
31%
certain
31%
decides
31%
somewhere
31%
doesn't
28%
secrets
28%
sure
28%
speed
25%
confide
19%
lession
9%
No matching quizzes found
Score Distribution
Percent of People with Each Score
Percentile by Number Answered
Your Score History
You have not taken this quiz since the last reset